| Поле | Название | Значение |
| |
Тип записи |
a |
| |
Библиографический уровень |
c |
| 001 |
Контрольный номер |
RU/SLIB/B/208773445 |
| 005 |
Дата корректировки |
20241127151240.9 |
| 010 |
Индекс ISBN |
__ |
| d |
Цена |
300-00 |
| 101 |
Язык документа |
0_ |
| a |
Язык текста |
rus |
| 200 |
Заглавие и сведения об ответственности |
1_ |
| a |
Заглавие |
Тюменское ускорение |
| b |
Общее обозначение материала |
Текст |
| 210 |
Выходные данные |
1_ |
| a |
Место издания |
М. |
| c |
Издательство |
Недра |
| d |
Дата издания |
1987 |
| 215 |
Физическое описание |
__ |
| a |
Объем |
223 с. |
| 225 |
Серия |
2_ |
| a |
Серия |
Передовые коллективы |
| 330 |
Аннотация |
__ |
| a |
Аннотация |
О развитии газодобывающей промышленности в Западной Сибири. |
| 601 |
Наименование организации как предмет |
02 |
| a |
Наименование организации как предмет |
Главтюменьгазпром |
| 606 |
Тематические рубрики |
__ |
| a |
Основная рубрика |
Экономика |
| a |
Основная рубрика |
Экономика топливной промышленности |
| z |
Хронологическая подрубрика |
20 в. |
| y |
Географическая подрубрика |
Западная Сибирь ; Россия |
| 610 |
Ключевые слова |
0_ |
| a |
Ключевые слова |
природный газ; газовая промышленность; газодобывающая промышленность |
| 686 |
Индексы других классификаций |
__ |
| a |
Классификационный индекс |
К65.305.143(2Рос-4Тюм) |
| 700 |
Автор |
_1 |
| a |
Фамилия |
Зорин |
| b |
Имя |
Л. З. |
| 4 |
Код отношения |
070 |
| 801 |
Источник записи |
_0 |
| a |
Страна |
RU |
| b |
Организация |
Муниципальное бюджетное учреждение культуры "Централизованная библиотечная система" г. Сургут (Центральная городская библиотека им. А. С. Пушкина) |
| g |
Правила каталогизации |
КиК/Елгина |
| 801 |
Источник записи |
_1 |
| a |
Страна |
RU |
| b |
Организация |
Муниципальное бюджетное учреждение культуры "Централизованная библиотечная система" г. Сургут (Центральная городская библиотека им. А. С. Пушкина) |
| g |
Правила каталогизации |
КиК/Елгина |
| 852 |
Данные о местонахождении |
__ |
| j |
Шифр хранения |
К65.305.143(2Рос-4Тюм) |
| c |
Каталожный индекс |
К65.304.13(2Рос-4Тюм) |
| i |
Авторский знак |
З-86 |
| p |
Инвентарный номер |
60361 |
| 901 |
Тип документа |
__ |
| t |
Тип документа |
x |
| 969 |
Тип издания |
__ |
| a |
Тип издания |
сборник |
| 990 |
Данные о заказе (DOS) |
__ |
| j |
Количество экземпляров (DOS) |
1 |
| t |
N записи в КСУ для И/У (DOS) |
199701 |